Chế tạo thử và tìm hiểu một số tính chất của keo dán bằng cao su dùng trong băng dính Luận văn tốt nghiệp Đại học Sư phạm ngành Hóa Khóa 05

Đã lưu trong:
書目詳細資料
主要作者: Châu Chí Hoàng
格式: 圖書
語言:Undetermined
出版: Cần Thơ Trường Đại học Cần Thơ, Khoa Sư phạm, Bộ môn Hóa 1983
標簽: 添加標簽
沒有標簽, 成為第一個標記此記錄!
Thư viện lưu trữ: Trung tâm Học liệu Trường Đại học Cần Thơ
LEADER 00747nam a2200181Ia 4500
001 CTU_26793
008 210402s9999 xx 000 0 und d
082 |a 660 
082 |b H406/1983 
100 |a Châu Chí Hoàng 
245 0 |a Chế tạo thử và tìm hiểu một số tính chất của keo dán bằng cao su dùng trong băng dính 
245 0 |b Luận văn tốt nghiệp Đại học Sư phạm ngành Hóa Khóa 05 
245 0 |c Châu Chí Hoàng 
260 |a Cần Thơ 
260 |b Trường Đại học Cần Thơ, Khoa Sư phạm, Bộ môn Hóa 
260 |c 1983 
904 |i Nguyễn Quang Điền, 981020 
980 |a Trung tâm Học liệu Trường Đại học Cần Thơ